00277cam a22001097a 4500008004000000082001400040100001900054245004100073260002700114300001000141650001600151180718b1957 xxu||||| |||| 00| 0 eng d aO352 T647 aTournier, Paul aMeaning of personscby Paul Tournier aNew YorkbHarperc1957 a238p. aPersonality